Nigerian Pastoral Farming and pasture production (Record no. 3853)
[ view plain ]
| 000 -LEADER | |
|---|---|
| fixed length control field | 00378nam a22001457a 4500 |
| 008 - FIXED-LENGTH DATA ELEMENTS--GENERAL INFORMATION | |
| fixed length control field | 250617b |||||||| |||| 00| 0 eng d |
| 020 ## - INTERNATIONAL STANDARD BOOK NUMBER | |
| ISBN | 9789789619603 |
| 100 ## - MAIN ENTRY--AUTHOR | |
| Author | Nweze, Basil Obasi |
| 245 ## - TITLE STATEMENT | |
| Title | Nigerian Pastoral Farming and pasture production |
| 260 ## - PUBLICATION, DISTRIBUTION, ETC. (IMPRINT) | |
| Place of publication | Nigeria |
| Date of publication | 2017 |
| 300 ## - COLLATION | |
| Pagination | 239p |
| 650 ## - TRACINGS | |
| Main Subject | Pastoral Systems |
| Subdivision (1st) | herding |
| 942 ## - ADDED ENTRY ELEMENTS (KOHA) | |
| Item type | Books |
| 050 ## - LIBRARY OF CONGRESS CALL NUMBER | |
| Classification number | SF 140 |
| Item number | .N94 |
| Source of classification or shelving scheme | Not for loan | Permanent location | Current location | Date acquired | Accession No. | Full call number | Barcode. | Koha item type |
|---|---|---|---|---|---|---|---|---|
| Library of Congress Classification | Samuel Ogbemudia Main Library, University of Abuja | Samuel Ogbemudia Main Library, University of Abuja | 06/17/2025 | 2024/62168 | SF 140 .N94 | 2025-2527 | Books | |
| Library of Congress Classification | Samuel Ogbemudia Main Library, University of Abuja | Samuel Ogbemudia Main Library, University of Abuja | 06/17/2025 | 2024/62168 | SF 140 .N94 | 2025-2528 | Books |